00601 2200229 4500001002100000005001500021035002000036007000300056008004100059020001800100082001900118084002500137100002300162245002800185260002900213300002900242650000900271650001300280700002000293856003400313990002400347INLIS00000000000824920260421102530 a0010-0426000098ta260421 0 eng  a971-22-0106-6 a633.18:001.891 a633.18:001.891 PIN i0 aPINGALI, Prabhu L.1 aImpact Of Rice Research aLos Banos :bIRRI,c1998 a428p. :bIlus ;c22.9 cm 4aRice 4aResearch0 aMahabub Hossain aPerpustakaan BBRMP Jawa Timur a389/2026/BBRMPJATIM